| 000 | 01470nam a22002897i 4500 | ||
|---|---|---|---|
| 003 | URS | ||
| 005 | 20220117151126.0 | ||
| 008 | 171208b xxu||||| |||| 00| 0 eng d | ||
| 050 | 1 | 4 |
_aHD 30.24 _bEs64 2016 |
| 100 | 1 |
_aEspedido, Paolo Garcia, _eauthor |
|
| 245 | 1 | 0 |
_aEstablishment of sports apparel and accessories shop in Barangay Sampaloc Tanay, Rizal / _cPaolo Garcia Espedido, Mariel Datuin Vinluan |
| 260 | 1 | _c2016. | |
| 300 |
_axix, 120 leaves : _billustrations (some colour) ; _c28 cm |
||
| 336 |
_2rdacontent _atext |
||
| 336 |
_2rdacontent _astill image |
||
| 337 |
_2rdamedia _aunmediated |
||
| 338 |
_2rdacarrier _avolume |
||
| 502 |
_aFeasibility study _bBachelor of Science in Business Administration _cUniversity of Rizal System _d2016 |
||
| 504 | _aIncludes bibliographical references. | ||
| 520 | _aTo renovate the space for the business operation, the proponents will hire two (2) laborers to meet the necessary requirements of the business. Before the actual opening of the business, they will conduct a promotional activity to launch the business, acquire machinery and equipment, purchase of safety accessories and fabrics and sewing materials, hire and train workers and register to the government to legally start the business. | ||
| 650 | 0 | _aFeasibility studies | |
| 650 | 0 | _aSport clothes | |
| 651 | 0 | _aSporting goods | |
| 700 | 1 |
_aVinluan, Mariel Datuin _eauthor |
|
| 700 | 1 |
_aDe leon, Rosalio Q. _edegree supervisor |
|
| 942 |
_2lcc _cT |
||
| 999 |
_c16874 _d16874 |
||